Large animal ophthalmology /

Bibliographic Details
Main Author: Lavach, J. D.
Format: Book
Language:English
Published: St. Louis : Mosby, 1990
Subjects:

MARC

Tag First Indicator Second Indicator Subfields
LEADER 00000cam a22000008a 4500
001 in00004452467
005 20180113120642.0
008 890530m19909999moua b 00110 eng c
010 |a  89012332  
020 |a 0801627737 
035 |a (OCoLC)19888289 
040 |a DNLM/DLC  |c DLC  |d TMV 
049 |a TMVM  |c 1  |v 1 
050 0 |a SF891  |b .L38 1989 
060 4 |a SF 891  |b L392L 1990 
100 1 |a Lavach, J. D. 
245 1 0 |a Large animal ophthalmology /  |c John D. Lavach. 
264 1 |a St. Louis :  |b Mosby,  |c 1990 
300 |a 1 volume :  |b illustrations ;  |c 27 cm 
336 |a text  |b txt  |2 rdacontent 
337 |a unmediated  |b n  |2 rdamedia 
338 |a volume  |b nc  |2 rdacarrier 
504 |a Includes bibliographical references and index. 
650 2 |a Eye Diseases  |x veterinary 
999 f f |s 3416498e-2f3d-34b6-bab4-40244b351172  |i 667f651d-4d7c-36c1-98a5-47c9c1913b9f  |t 0 
952 f f |p ric  |a Texas A&M University  |b Rellis Campus  |c Joint Library Facility  |d Remote Storage  |t 0  |e SF 891 L392L 1990  |h National Library of Medicine classification  |i unmediated -- volume  |k v.1  |m 323890089737G 
998 f f |a SF 891 L392L 1990  |s v.1  |t 0  |l Remote Storage